| 000 | 00835 a2200253 4500 | ||
|---|---|---|---|
| 999 |
_c2519 _d2519 |
||
| 020 | _a9781846611735 | ||
| 050 | 0 | 0 | _aHV 7419 LUS 2010 |
| 100 |
_aLush, Denzil _eeditor |
||
| 245 | 0 | 0 |
_aElderly clients : _ba precedent manual / _c Denzil Lush . |
| 250 | _a3rd. ed. | ||
| 264 |
_aBristol , Britian: _bJordans , _c2010 |
||
| 300 |
_axlviii, 657 p. : _bill., forms ; |
||
| 500 | _aIncludes index. | ||
| 504 | _aIncludes bibliographical references and index. | ||
| 650 | 0 |
_aOlder people _xLegal status, laws, etc. |
|
| 650 | 0 | _aEstate planning | |
| 650 | 0 | _aPower of attorney | |
| 650 | 0 |
_aOlder people _xLegal status, laws, etc. |
|
| 650 | 0 | _aEstate planning | |
| 650 | 0 | _aPower of attorney | |
| 700 | 1 |
_aCaroline, Bielanska and Jennifor Margrave. _eeditors |
|
| 700 | 1 | _aBishop, David. | |
| 942 |
_2lcc _cBK _e3rd ed _h7419 _iLUS _kHV |
||